| 000 | 01125cam a2200241 4500 | ||
|---|---|---|---|
| 001 | ABS65040 | ||
| 008 | 020213n2002 000 0 eng u | ||
| 035 | _a(Sirsi) u116718 | ||
| 245 | _aHmos: regulation by stealth? | ||
| 260 | _c2002 | ||
| 490 |
_aAgreement _v6(1) February 2002, 10-14(4) |
||
| 520 | _aProvides background explanatory notes on the Home Energy Conservation Bill introduced as Private Member's Bill in the House of Commons by Dr Desmond Turner MP. Part 1 concerns extending the Home Energy Conservation Act 1995, Part 2 deals with fuel poverty and Part 3 proposes amending the Housing Act 1985 by licensing houses in multiple occupation (hmos). Highlights key clauses relating to hmos. Includes comments by other member of parliament and Dr Turner the bill's sponsor. | ||
| 590 | _aABS | ||
| 650 | _aHOME ENERGY CONSERVATION BILL | ||
| 650 | _aHOME ENERGY CONSERVATION ACT 1995 | ||
| 650 | _aHOUSING ACT 1985 | ||
| 650 | _aHOUSES IN MULTIPLE OCCUPATION | ||
| 650 | _aHOUSES IN MULTIPLE OCCUPATION | ||
| 650 | _aENERGY EFFICIENCY | ||
| 650 | _aLICENSING | ||
| 690 | _aHOUSING | ||
| 942 | _n0 | ||
| 999 |
_c69521 _d69521 |
||